Vista normal
Vista MARC
Entrada Término temático
Número de registros utilizados en: 2
001 - NÚMERO DE CONTROL
- campo de control: 82164
003 - IDENTIFICADOR DEL NÚMERO DE CONTROL
- campo de control: DO-SdBNP
005 - FECHA Y HORA DE LA ÚLTIMA TRANSACCIÓN
- campo de control: 20220805091621.0
008 - DATOS DE LONGITUD FIJA
- campo de control de longitud fija: 220805|| aca||aabn | a|a d
040 ## - FUENTE DE LA CATALOGACIÓN
- Centro catalogador/agencia de origen: DO-SdBNP
- Centro/agencia transcriptor: DO-SdBNP
150 ## - ENCABEZAMIENTO--TÉRMINO DE MATERIA
- Término de materia o nombre geográfico como elemento de entrada: Calendario escolar
- Subdivisión geográfica: República Dominicana
670 ## - FUENTE DE DATOS ENCONTRADOS
- Cita de la fuente: Work cat.: (DO-SdBNP)52270: República Dominicana. Secretaria de Educación Bellas Artes y Cultos, Calendario escolar 1963-1964, 1963
